000 00260nam a22001217a 4500
008 170206b xxu||||| |||| 00| 0 eng d
041 _aeng
080 _a61
100 _a3
101 _aSHM
245 _aPRINCIPLES BIOMEDICAL
_cSTANLEY TUBIN
942 _2udc
_cBK
999 _c4778
_d4778